Normal view
MARC view
Entry Personal Name
001 - CONTROL NUMBER
- control field: 36024
003 - CONTROL NUMBER IDENTIFIER
- control field: ARRUPE
005 - DATE AND TIME OF LATEST TRANSACTION
- control field: 20170921105519.0
008 - FIXED-LENGTH DATA ELEMENTS
- fixed length control field: 170921|| aca||aabn | a|a d
040 ## - CATALOGING SOURCE
- Original cataloging agency: ARRUPE
- Transcribing agency: ARRUPE
100 ## - HEADING--PERSONAL NAME
- Personal name: Glenn, H. Stephen
670 ## - SOURCE DATA FOUND
- Source citation: Work cat.: (ARRUPE): Glenn, H. Stephen, Raising children for success:, 1987